[Event "Match"]
[Site "www.echecsemail.com"]
[Date "2017.01.14"]
[Round "1"]
[White "Odin"]
[Black "Picifarkinca"]
[WhiteElo "1890"]
[BlackElo "2000"]
[Result "1-0"]
[Round "1"]
1.d4 d5
2.e3 Ng8f6
3.Ng1f3 c6
4.Nb1d2 e6
5.c4 Nb8d7
6.h3 dxc4
7.Bf1xc4 Bf8d6
8.a3 O-O
9.b4 e5
10.dxe5 Nd7xe5
11.Nf3xe5 Bd6xe5
12.Ra1b1 Bc8f5
13.Bc1b2 Bf5xb1
14.Bb2xe5 Bb1d3
15.Be5xf6 gxf6
16.Qd1g4 Bd3g6
17.h4 h5
18.Qg4e2 f5
19.Nd2f3 Qd8e7
20.Nf3g5 Ra8e8
21.g3 Kg7
22.Kf1 Qe7e5
23.Ng5f3 Qe5a1
24.Kg2 Qa1xa3
25.b5 Re8e4
26.Nf3g5 Re4xc4
27.Qe2xc4 c5
28.Rh1d1 b6
29.Rd1d7 Qa3a1
30.Ng5e6 Kg8
31.Ne6f4 Kg7
32.Nf4xg6 Kxg6
33.Qc4f4 Qa1b1
34.Qf4g5 Kh7
35.Qg5xh5 Kg7
36.Qh5g5 Kh7
37.h5 Qb1e4
38.Kh2 c4
39.h6 Qe4g4
40.Qg5e7 Qg4h5
41.Kg2 Rf8c8
42.Qe7xf7 Qh5xf7
43.Rd7xf7 Kg6
44.Rf7xa7 c3
45.h7 c2
46.h8Q Rc8xh8
47.Ra7c7 { resign }
1-0

[Event "1/32 Finale"]
[Site "www.chess-mail.com"]
[Date "2017.01.14"]
[Round "1"]
[White "Bojan"]
[Black "Sportuga"]
[WhiteElo "2010"]
[BlackElo "2370"]
[Result "0-1"]
[Round "1"]
1.e4 c6
2.d4 d5
3.exd5 cxd5
4.c4 Ng8f6
5.Ng1f3 g6
6.Nb1c3 e6
7.Nf3e5 Bf8g7
8.cxd5 Nf6xd5
9.Qd1f3 O-O
10.a3 Nb8c6
11.Ne5xc6 bxc6
12.Bc1e3 Ra8b8
13.Nc3xd5 exd5
14.b4 a5
15.Be3f4 Bg7xd4
16.Ra1d1 Rf8e8
17.Bf1e2 Bc8a6
18.Rd1d2 Ba6xe2
19.Rd2xe2 Re8xe2
20.Qf3xe2 Bd4c3
21.Bf4d2 axb4
22.axb4 Bc3xb4
23.O-O Bb4xd2
24.Qe2xd2 d4
25.Rf1c1 d3
26.Rc1xc6 Qd8a5
27.Qd2d1 Rb8e8
28.Rc6c1 d2
{ resign }
0-1

[Event "Fast Game"]
[Site "www.echecsemail.com"]
[Date "2017.01.14"]
[Round "1"]
[White "Jobeye"]
[Black "Yoj"]
[WhiteElo "1710"]
[BlackElo "2049"]
[Result "0-1"]
[Round "1"]
1.e4 e5
2.Ng1f3 Ng8f6
3.Nf3xe5 Qd8e7
4.Ne5d3 Qe7xe4
5.Bf1e2 Qe4xg2
6.Nd3f4 Qg2xh1
{ resign }
0-1

[Event "Tourn. n9077"]
[Site "www.chess-mail.com"]
[Date "2017.01.15"]
[Round "1"]
[White "Szustan"]
[Black "Witkapje"]
[WhiteElo "2650"]
[BlackElo "2480"]
[Result "1/2-1/2"]
[Round "1"]
1.e4 e6
2.d4 d5
3.Nb1c3 Bf8b4
4.e5 Ng8e7
5.a3 Bb4xc3
6.bxc3 c5
7.Qd1g4 cxd4
8.Qg4xg7 Rh8g8
9.Qg7xh7 Qd8c7
10.Ng1e2 dxc3
11.f4 Nb8c6
12.Qh7d3 d4
13.Ne2xd4 Nc6xd4
14.Qd3xd4 Bc8d7
15.Rh1g1 Ne7f5
16.Qd4f2 Qc7c6
17.Bf1d3 Qc6d5
18.Bc1e3 Nf5xe3
19.Qf2xe3 Rg8xg2
20.Rg1xg2 Qd5xg2
21.O-O-O Qg2d5
22.Rd1g1 O-O-O
23.Qe3xa7 Bd7c6
24.Rg1d1 Rd8d7
25.h4 Qd5f3
26.Rd1f1 Qf3h3
27.Qa7a8 Kc7
28.Qa8a5 Kb8
29.Qa5xc3 Bc6e4
30.Rf1d1 Qh3xh4
31.Bd3xe4 Qh4xf4
32.Rd1d2 Rd7xd2
33.Qc3xd2 Qf4xe4
{ draw }
1/2-1/2

[Event "Tourn. n9098"]
[Site "www.chess-mail.com"]
[Date "2017.01.15"]
[Round "1"]
[White "Bojan"]
[Black "Osopanda"]
[WhiteElo "2050"]
[BlackElo "2010"]
[Result "0-1"]
[Round "1"]
1.e4 c5
2.Ng1f3 Nb8c6
3.Bf1c4 e6
4.Nb1c3 d6
5.d4 cxd4
6.Nf3xd4 Ng8f6
7.Qd1f3 Bf8e7
8.Bc1e3 Nc6e5
9.Qf3e2 Ne5xc4
10.Qe2xc4 O-O
11.f3 Bc8d7
12.Qc4b3 b5
13.a3 a6
14.O-O Ra8c8
15.Nd4e2 e5
16.Ra1d1 Bd7e6
17.Nc3d5 Nf6d7
18.Qb3d3 f5
19.Nd5xe7 Qd8xe7
20.exf5 Be6xf5
21.Qd3d5 Rf8f7
22.c3 Bf5c2
23.Rd1d2 Bc2g6
24.Rf1d1 Nd7b6
25.Be3xb6 h6
26.Qd5b3 Rc8c4
27.Rd2xd6 Kh7
28.Bb6d8 Qe7e8
29.Rd6xa6 e4
30.f4 Rf7d7
31.Rd1xd7 Qe8xd7
32.Bd8h4 Qd7g4
33.Ne2g3 Qg4xh4
34.Qb3xb5 Rc4c8
35.Ra6xg6 Qh4xf4
36.Rg6e6 Qf4e3
37.Kh1 Rc8f8
38.Qb5e2 Qe3c1
{ resign }
0-1

[Event "Tourn. n9179"]
[Site "www.chess-mail.com"]
[Date "2017.01.15"]
[Round "1"]
[White "Biggles"]
[Black "Norlavuaram"]
[WhiteElo "2140"]
[BlackElo "2070"]
[Result "0-1"]
[Round "1"]
1.e4 e5
2.Ng1f3 Nb8c6
3.Bf1c4 Bf8e7
4.d4 d6
5.Nb1c3 Ng8f6
6.O-O O-O
7.Rf1e1 Bc8g4
8.Bc1e3 h6
9.Nc3d5 exd4
10.Nd5xe7 Qd8xe7
11.Be3f4 Nc6e5
12.Bf4xe5 dxe5
13.h3 Bg4h5
14.Qd1d3 Rf8d8
15.Nf3h2 a6
16.a4 c6
17.Qd3d2 b5
18.axb5 axb5
19.Bc4d3 Bh5g6
20.f3 Qe7b7
21.Nh2g4 Nf6xg4
22.hxg4 c5
23.b3 f6
24.Ra1a5 Ra8xa5
25.Qd2xa5 Rd8b8
26.g3 Bg6f7
27.Kf2 c4
28.bxc4 bxc4
29.Bd3e2 Qb7b4
30.Qa5c7 Qb4b6
31.Qc7xb6 Rb8xb6
32.f4 Rb6b2
33.Re1c1 d3
34.Be2d1 c3
35.Ke3 d2
36.Rc1a1 Rb2b7
37.Bd1e2 exf4
38.gxf4 Rb7b2
39.Be2d3 Bf7a2
40.Ra1d1 Ba2b1
41.Kd4 Bb1xc2
42.Bd3xc2 Rb2xc2
43.Kd3 Rc2c1
44.Ke2 Rc1xd1
45.Kxd1 Kf7
46.Kc2 Ke6
{ resign }
0-1

[Event "Tourn. n9152"]
[Site "www.chess-mail.com"]
[Date "2017.01.15"]
[Round "1"]
[White "Falcoale"]
[Black "Estonia"]
[WhiteElo "1940"]
[BlackElo "2070"]
[Result "1-0"]
[Round "1"]
1.e4 c5
2.Ng1f3 e6
3.Bf1c4 Nb8c6
4.O-O Ng8f6
5.d3 Bf8e7
6.Bc1f4 d5
7.exd5 Nf6xd5
8.Bf4g3 Nc6d4
9.c3 Nd4xf3
10.Qd1xf3 O-O
11.Nb1d2 b6
12.Nd2e4 Bc8b7
13.Qf3e2 Qd8d7
14.Ra1d1 a6
15.a3 Nd5f6
16.Bg3h4 Nf6xe4
17.dxe4 Be7xh4
18.Rd1xd7 Bb7c6
19.Rd7d3 b5
20.Bc4a2 c4
21.Rd3h3 Bh4e7
22.Ba2b1 e5
23.Qe2h5 h6
24.Qh5xe5 Be7f6
25.Qe5g3 Bf6g5
26.f4 { resign }
1-0

[Event "Tourn. n9068"]
[Site "www.chess-mail.com"]
[Date "2017.01.15"]
[Round "1"]
[White "Falcoale"]
[Black "Xkafi"]
[WhiteElo "1850"]
[BlackElo "1990"]
[Result "0-1"]
[Round "1"]
1.e4 e5
2.Ng1f3 Qd8f6
3.Nb1c3 c6
4.Bf1c4 Bf8c5
5.O-O d6
6.d3 h6
7.Bc1e3 Bc5b4
8.Be3d2 Bb4c5
9.a3 Ng8e7
10.Bd2e3 Bc5d4
11.Ra1b1 Ne7g6
12.Nc3e2 Bd4b6
13.Ne2g3 Ng6f4
14.Ng3f5 Bc8xf5
15.Be3xf4 Bf5xe4
16.dxe4 exf4
17.Rf1e1 O-O
18.c3 Nb8d7
19.Qd1c2 Nd7e5
20.Nf3xe5 dxe5
21.Bc4d3 Qf6g5
22.Kh1 Ra8d8
23.f3 h5
24.b4 h4
25.c4 Bb6d4
26.Re1e2 g6
27.Qc2d1 Kg7
28.Qd1f1 Rf8h8
29.h3 Qg5g3
30.c5 Bd4e3
31.Bd3c4 Rd8d4
32.Qf1e1 Rd4xc4
33.Qe1xg3 hxg3
34.Re2e1 Rh8d8
35.Re1d1 Rd8xd1
36.Rb1xd1 Rc4d4
{ resign }
0-1

[Event "Tourn. n9157"]
[Site "www.chess-mail.com"]
[Date "2017.01.15"]
[Round "1"]
[White "Aiko1603"]
[Black "Picifarkinca"]
[WhiteElo "1659"]
[BlackElo "1630"]
[Result "0-1"]
[Round "1"]
1.e4 e5
2.Ng1f3 Ng8f6
3.c3 Nb8c6
4.d4 exd4
5.e5 Nf6g4
6.Nf3xd4 Ng4xe5
7.Bf1b5 Nc6xd4
8.cxd4 Ne5g6
9.O-O Bf8e7
10.Bc1e3 c6
11.Bb5d3 d5
12.Nb1d2 O-O
13.Bd3xg6 hxg6
14.Nd2f3 Bc8g4
15.h3 Bg4f5
16.Qd1b3 Qd8b6
17.Qb3xb6 axb6
18.Rf1e1 Be7d6
19.a3 f6
20.b4 Ra8a4
21.Re1c1 Rf8a8
22.Rc1c3 Ra4xb4
23.axb4 Ra8xa1
24.Rc3c1 Ra1xc1
25.Be3xc1 Bd6xb4
26.Bc1e3 g5
27.Be3d2 Bb4a5
28.Kf1 Bf5e4
29.Bd2xa5 bxa5
30.Nf3d2 Be4c2
31.Ke1 a4
{ resign }
0-1

[Event "Tourn. n9095"]
[Site "www.chess-mail.com"]
[Date "2017.01.15"]
[Round "1"]
[White "Piriot"]
[Black "Caspito"]
[WhiteElo "1879"]
[BlackElo "1850"]
[Result "1-0"]
[Round "1"]
1.Ng1f3 Nb8c6
2.e4 e5
3.Nb1c3 Ng8f6
4.Bf1c4 Bf8b4
5.Nc3d5 O-O
6.O-O d6
7.c3 Bb4c5
8.d4 exd4
9.cxd4 Bc5b6
10.Bc1g5 Bc8e6
11.Bg5xf6 gxf6
12.Nd5xb6 axb6
13.d5 Nc6a5
14.Bc4d3 Be6g4
15.b4 Kh8
16.bxa5 Rf8g8
17.axb6 Bg4h3
18.g3 Bh3xf1
19.bxc7 Qd8xc7
20.Qd1xf1 h5
21.Nf3h4 Rg8g5
22.Ra1c1 Qc7a5
23.Rc1c2 b5
24.Bd3xb5 Qa5b6
25.a4 Rg5g4
26.Nh4f5 Kh7
27.Qf1c1 Rg4xe4
28.Qc1h6 { resign }
1-0

[Event "Tourn. n9120"]
[Site "www.chess-mail.com"]
[Date "2017.01.15"]
[Round "1"]
[White "Albertf"]
[Black "Manuelito"]
[WhiteElo "1790"]
[BlackElo "1700"]
[Result "1-0"]
[Round "1"]
1.e4 e5
2.Ng1f3 d6
3.Bf1c4 h6
4.Nb1c3 Ng8f6
5.d4 exd4
6.Nf3xd4 Bf8e7
7.O-O O-O
8.Rf1e1 Bc8g4
9.f3 Bg4e6
10.Bc4xe6 fxe6
11.Nd4xe6 Qd8d7
12.Ne6xf8 Kxf8
13.e5 dxe5
14.Re1xe5 Qd7xd1
15.Nc3xd1 Nb8c6
16.Re5e1 Ra8d8
17.Nd1c3 Be7c5
18.Kh1 Nc6b4
19.Re1e2 Bc5d4
20.a3 Nb4c6
21.Bc1f4 Bd4b6
22.Ra1e1 Nc6d4
23.Re2d2 c5
24.Nc3a4 Bb6a5
25.c3 Nd4c6
26.Rd2xd8 Ba5xd8
27.Na4xc5 Kf7
28.Nc5xb7 Bd8b6
29.Nb7d6 Kf8
30.Nd6c4 Bb6f2
31.Re1e2 Bf2c5
32.b4 Bc5e7
33.Nc4e5 Nc6xe5
34.Bf4xe5 Ke8
35.Be5d6 { resign }
1-0

[Event "Tourn. n9146"]
[Site "www.chess-mail.com"]
[Date "2017.01.15"]
[Round "1"]
[White "Julian"]
[Black "Biggles"]
[WhiteElo "2000"]
[BlackElo "2150"]
[Result "0-1"]
[Round "1"]
1.e4 e6
2.d4 d5
3.e5 c5
4.c3 Nb8c6
5.f4 Qd8b6
6.Ng1f3 Bc8d7
7.Nb1d2 cxd4
8.cxd4 Bf8b4
9.a3 Bb4e7
10.Bf1d3 Nc6xd4
11.Nf3xd4 Qb6xd4
12.Nd2f3 Qd4b6
13.b4 Ng8h6
14.Bc1b2 Bd7b5
15.Bd3xb5 Qb6xb5
16.Nf3d4 Qb5b6
17.O-O Nh6f5
18.Kh1 O-O
19.Nd4xf5 exf5
20.Qd1xd5 Ra8d8
21.Qd5b3 Rd8d2
22.Ra1d1 Rf8d8
23.Rd1xd2 Rd8xd2
24.Qb3c3 Rd2d8
25.h3 h6
26.Rf1f3 Be7h4
27.g3 Rd8d1
{ resign }
0-1

[Event "Tourn. n8959"]
[Site "www.chess-mail.com"]
[Date "2017.01.15"]
[Round "1"]
[White "Squimichele"]
[Black "Ejner"]
[WhiteElo "2600"]
[BlackElo "2430"]
[Result "0-1"]
[Round "1"]
1.d4 Ng8f6
2.Ng1f3 d5
3.Bc1g5 Nf6e4
4.Bg5h4 c5
5.dxc5 Nb8c6
6.e3 g6
7.c3 Bf8g7
8.Bf1e2 O-O
9.O-O Ne4xc5
10.Nb1d2 Bc8f5
11.Nd2b3 Qd8d6
12.Nf3d4 Nc6xd4
13.cxd4 Nc5a4
14.Nb3d2 Qd6b4
15.Bh4xe7 Qb4xe7
16.Qd1xa4 Bf5d7
17.Be2b5 Bd7e6
18.Bb5d3 Bg7h6
19.Nd2f3 a6
20.Ra1c1 Ra8c8
21.Qa4a5 Rf8d8
22.Bd3e2 Bh6f8
23.Nf3e5 Qe7b4
24.Qa5xb4 Bf8xb4
25.Ne5d3 Bb4d6
26.a3 Kf8
27.Nd3c5 Rc8c7
28.Rc1c3 Rd8c8
29.Rf1c1 a5
30.Nc5xb7 Rc7xb7
31.Rc3xc8 Be6xc8
32.Rc1xc8 Ke7
33.Rc8c2 Rb7c7
34.Rc2xc7 Bd6xc7
35.b4 axb4
36.axb4 Bc7d6
37.b5 Bd6c7
38.Kf1 Kd6
39.g3 { time. }
0-1

[Event "Tourn. n9111"]
[Site "www.chess-mail.com"]
[Date "2017.01.15"]
[Round "1"]
[White "Norlavuaram"]
[Black "Abuelo"]
[WhiteElo "2160"]
[BlackElo "2170"]
[Result "1-0"]
[Round "1"]
1.e4 e5
2.Ng1f3 d6
3.d4 Bc8g4
4.dxe5 Bg4xf3
5.gxf3 dxe5
6.Qd1xd8 Kxd8
7.Bf1c4 f6
8.Nb1c3 Bf8b4
9.Bc1d2 Ng8e7
10.O-O-O Nb8d7
11.Rh1g1 g6
12.Nc3d5 Bb4xd2
13.Rd1xd2 Rh8f8
14.Rg1d1 Ne7xd5
15.Rd2xd5 Rf8f7
16.Rd5d2 Rf7e7
17.Bc4e6 Re7xe6
18.Rd2xd7 Ke8
19.Rd7xh7 Ra8d8
20.Rh7h8 Ke7
21.Rd1xd8 Re6d6
22.Rd8xd6 Kxd6
23.Rh8h6 { resign }
1-0

[Event "Tourn. n9131"]
[Site "www.chess-mail.com"]
[Date "2017.01.15"]
[Round "1"]
[White "Norlavuaram"]
[Black "Luban"]
[WhiteElo "2230"]
[BlackElo "2060"]
[Result "1-0"]
[Round "1"]
1.e4 c5
2.Ng1f3 d6
3.d4 cxd4
4.Nf3xd4 Ng8f6
5.Nb1c3 a6
6.f3 e6
7.Bc1e3 Bc8d7
8.a3 Nb8c6
9.Bf1c4 Ra8c8
10.Qd1d2 Bf8e7
11.g4 Nc6a5
12.Bc4a2 h6
13.h4 Qd8c7
14.O-O-O Na5c4
15.Ba2xc4 Qc7xc4
16.g5 hxg5
17.hxg5 Nf6h5
18.g6 fxg6
19.Rd1g1 e5
20.Nd4e2 Qc4f7
21.f4 Bd7e6
22.fxe5 dxe5
23.Rg1f1 Be7f6
24.Be3g5 Ke7
25.Nc3d5 Be6xd5
26.exd5 Rh8d8
27.Qd2b4 Ke8
28.Bg5e3 Rd8xd5
29.Ne2c3 Rd5d7
30.Nc3e4 Qf7c4
31.Qb4xc4 Rc8xc4
32.Ne4d2 Rc4c6
33.Rh1g1 Kf7
34.Nd2e4 Rd7c7
35.c3 b5
36.Ne4g5 Ke7
37.Ng5e4 Kf7
38.Ne4g5 Kg8
39.Ng5e4 Bf6e7
40.Rg1g2 b4
41.axb4 Be7xb4
42.Kb1 Bb4e7
43.Rf1g1 Kh7
44.Rg1f1 Rc7b7
45.Kc2 Rc6c4
46.Ne4d2 Rc4h4
47.Rf1f7 Kg8
48.Rf7xe7 Rb7xe7
49.Be3g5 Rh4h1
50.Bg5xe7 Nh5f4
51.Rg2f2 Rh1h5
52.Be7d6 Nf4e6
53.Nd2c4 e4
54.Rf2e2 { resign }
1-0

[Event "Tourn. n9121"]
[Site "www.chess-mail.com"]
[Date "2017.01.15"]
[Round "1"]
[White "Urbe69"]
[Black "Ffdd65"]
[WhiteElo "2049"]
[BlackElo "2220"]
[Result "1-0"]
[Round "1"]
1.Ng1f3 d5
2.d4 Nb8c6
3.c4 e6
4.Bc1f4 Ng8f6
5.e3 Bf8d6
6.Bf4xd6 Qd8xd6
7.Nb1c3 a6
8.Bf1e2 h6
9.O-O Bc8d7
10.c5 Qd6e7
11.a3 O-O-O
12.b4 g5
13.Qd1b3 Nc6a7
14.a4 c6
15.b5 cxb5
16.axb5 Na7xb5
17.Nc3xb5 Bd7xb5
18.Be2xb5 axb5
19.Qb3xb5 Kc7
20.Ra1a7 Rd8b8
21.c6 Kc8
22.Rf1c1 Qe7c7
23.cxb7 { resign }
1-0

[Event "Match"]
[Site "www.echecsemail.com"]
[Date "2017.01.15"]
[Round "1"]
[White "Cal"]
[Black "Aiko1603"]
[WhiteElo "1490"]
[BlackElo "1499"]
[Result "0-1"]
[Round "1"]
1.c4 c5
2.Nb1c3 Nb8c6
3.Ng1f3 g6
4.e4 Bf8g7
5.d3 d6
6.h3 Ng8f6
7.Bf1e2 O-O
8.Bc1f4 a6
9.O-O Nc6d4
10.e5 Nd4xe2
11.Qd1xe2 Nf6e8
12.Nf3h4 Ne8c7
13.a3 Nc7e6
14.Bf4h2 Ne6d4
15.Qe2e4 Ra8b8
16.exd6 exd6
17.Ra1c1 Rf8e8
18.Qe4f4 Bg7e5
19.Qf4h6 Be5xh2
20.Kxh2 Re8e5
21.f4 Re5h5
22.Qh6xh5 gxh5
23.b4 Qd8xh4
24.g3 Qh4xh3
25.Kg1 Qh3xg3
26.Kh1 Bc8g4
27.Nc3e4 Bg4f3
28.Rf1xf3 Qg3xf3
29.Kg1 Nd4e2
30.Kh2 Ne2xc1
31.Ne4xd6 Qf3xf4
{ resign }
0-1

[Event "Match"]
[Site "www.echecsemail.com"]
[Date "2017.01.15"]
[Round "1"]
[White "Wwgia"]
[Black "Ericleo1980"]
[WhiteElo "2010"]
[BlackElo "2130"]
[Result "0-1"]
[Round "1"]
1.d4 Ng8f6
2.c4 e6
3.Ng1f3 d5
4.Nb1c3 c6
5.Bc1g5 Nb8d7
6.e3 Qd8a5
7.cxd5 Nf6xd5
8.Qd1d2 Bf8b4
9.Ra1c1 O-O
10.Bf1d3 Rf8e8
11.O-O e5
12.dxe5 Nd7xe5
13.Nf3xe5 Re8xe5
14.Bg5h4 Bc8e6
15.Bh4g3 Re5h5
16.Qd2e2 Nd5xc3
17.bxc3 Bb4xc3
18.Rf1d1 Bc3f6
19.Rc1c2 Ra8d8
20.h3 Rh5d5
21.e4 Rd5g5
22.Bg3h4 Be6xh3
23.Bh4xg5 Qa5xg5
24.f4 Qg5g3
25.e5 Bf6h4
26.Rc2c3 Bh3f5
27.Qe2f3 Qg3g6
28.Rd1d2 Qg6e6
29.Bd3xf5 Qe6xf5
30.Rd2xd8 Bh4xd8
31.Rc3d3 Bd8b6
32.Kf1 h6
33.g4 Qf5e6
34.Qf3e2 Qe6e7
35.f5 Qe7c5
36.Ke1 Qc5c1
37.Qe2d1 Qc1f4
38.Qd1f3 Qf4xe5
39.Kf1 Qe5a1
40.Kg2 Qa1xa2
41.Kh3 Bb6c7
42.Qf3g2 Qa2c4
43.Qg2d2 b5
44.g5 hxg5
45.Rd3d4 Qc4f1
46.Kg4 Qf1g1
47.Kh3 Qg1h1
48.Kg4 Qh1g1
49.Kf3 Qg1g3
50.Ke4 Qg3g4
51.Kd3 Qg4xf5
52.Ke2 Bc7b6
53.Rd4d8 Bb6xd8
54.Qd2xd8 Kh7
55.Qd8b8 Qf5e4
56.Kd1 Qe4d3
57.Kc1 Qd3c4
{ resign }
0-1

[Event "Match"]
[Site "www.echecsemail.com"]
[Date "2017.01.15"]
[Round "1"]
[White "Mrmoto"]
[Black "Pdebonis"]
[WhiteElo "1590"]
[BlackElo "1499"]
[Result "0-1"]
[Round "1"]
1.e4 e6
2.d4 d5
3.e5 c5
4.Ng1f3 Nb8c6
5.c3 Qd8b6
6.Bf1e2 Ng8h6
7.h3 cxd4
8.O-O Nh6f5
9.cxd4 Nf5xd4
10.b3 Nd4xf3
11.Be2xf3 Nc6xe5
12.Bf3e2 Bc8d7
13.Bc1e3 Bf8c5
14.Qd1d2 Ra8c8
15.f4 Bc5xe3
{ resign }
0-1

[Event "Match"]
[Site "www.echecsemail.com"]
[Date "2017.01.15"]
[Round "1"]
[White "Nulladies"]
[Black "Ztornad"]
[WhiteElo "1870"]
[BlackElo "1730"]
[Result "1-0"]
[Round "1"]
1.d4 d5
2.Bc1f4 c6
3.Ng1f3 Bc8f5
4.e3 f6
5.Nf3h4 Bf5e6
6.Qd1h5 Be6f7
7.Qh5d1 g5
8.Bf4xg5 fxg5
9.Nh4f3 e6
10.Nf3e5 Ng8h6
11.Nb1d2 Nb8d7
12.Ne5xf7 Nh6xf7
13.Bf1e2 Nd7f6
14.h4 Bf8b4
15.c3 Bb4d6
16.hxg5 Nf6e4
17.Nd2xe4 dxe4
18.g6 Nf7g5
19.gxh7 Rh8xh7
20.Be2h5 Kd7
21.Kd2 Qd8f8
22.Qd1e2 Qf8f5
23.g4 Ng5f3
24.Kc2 Nf3xd4
25.cxd4 Qf5b5
26.Qe2xb5 cxb5
27.Bh5e8 Kxe8
28.Rh1xh7 Ra8c8
29.Kd2 Bd6b4
30.Kd1 Rc8b8
31.Rh7h8 Bb4f8
32.g5 Rb8d8
33.Ke2 Rd8d7
34.Ra1c1 Kf7
35.Rh8h7 Bf8g7
36.Rc1g1 Rd7c7
37.Kd2 Kg6
38.Rh7h4 Rc7d7
39.Rh4xe4 e5
40.f4 exf4
41.Re4xf4 Rd7d5
42.Rg1f1 { resign }
1-0

[Event "Match"]
[Site "www.echecsemail.com"]
[Date "2017.01.15"]
[Round "1"]
[White "Momahony"]
[Black "Manuelito"]
[WhiteElo "1699"]
[BlackElo "1660"]
[Result "1-0"]
[Round "1"]
1.d4 d5
2.e3 e6
3.Bf1d3 Ng8f6
4.Nb1d2 Bf8e7
5.f4 Nb8c6
6.Ng1f3 O-O
7.Nf3e5 Nc6xe5
8.fxe5 Nf6d7
9.O-O c5
10.Rf1f3 c4
11.Bd3xh7 Kxh7
12.Rf3h3 Be7h4
13.Qd1h5 Kg8
14.Rh3xh4 f6
15.Nd2f3 fxe5
16.Nf3g5 { resign }
1-0

[Event "Match"]
[Site "www.echecsemail.com"]
[Date "2017.01.15"]
[Round "1"]
[White "Jwc"]
[Black "Fangshuo"]
[WhiteElo "1269"]
[BlackElo "2030"]
[Result "0-1"]
[Round "1"]
1.d4 d5
2.c4 e6
3.e3 Ng8f6
4.Nb1c3 c5
5.Bf1d3 cxd4
6.exd4 Nb8c6
7.Ng1f3 dxc4
8.Bd3xc4 Bf8b4
9.Bc1d2 Nc6xd4
10.Nf3xd4 Qd8xd4
11.O-O Qd4h4
12.Bc4b5 Ke7
13.a3 Bb4d6
14.g3 Qh4h3
15.Rf1e1 Nf6g4
16.Nc3d5 Kf8
17.Nd5c7 Qh3xh2
18.Kf1 Qh2xf2
{ resign }
0-1

[Event "Match"]
[Site "www.echecsemail.com"]
[Date "2017.01.15"]
[Round "1"]
[White "Balbyns"]
[Black "Billyg"]
[WhiteElo "1199"]
[BlackElo "1670"]
[Result "1-0"]
[Round "1"]
1.e4 e6
2.d4 h6
3.Ng1f3 a6
4.Bf1c4 b5
5.Bc4b3 Ng8f6
6.Qd1d3 c6
7.O-O d5
8.Nb1d2 Bf8b4
9.c3 Bb4a5
10.e5 Nf6d7
11.Bb3c2 c5
12.Qd3e2 b4
13.cxb4 Ba5xb4
14.a3 Bb4xd2
15.Bc1xd2 Nb8c6
16.Bd2c3 a5
17.dxc5 Nd7xc5
18.Qe2b5 Bc8d7
19.Qb5xc5 Ra8c8
20.Bc2a4 f6
21.Ba4xc6 Bd7xc6
22.Qc5xa5 Qd8xa5
23.Bc3xa5 O-O
24.Rf1e1 f5
25.Ra1c1 g5
26.Nf3d4 Bc6d7
27.Ba5b4 Rc8xc1
28.Re1xc1 Rf8b8
29.Rc1c7 Bd7a4
30.Nd4xe6 Rb8e8
31.Rc7a7 Re8xe6
32.Ra7xa4 Re6xe5
33.Ra4a8 Kh7
34.Ra8h8 Kxh8
35.Bb4c3 { resign }
1-0

[Event "Match"]
[Site "www.echecsemail.com"]
[Date "2017.01.15"]
[Round "1"]
[White "Llord"]
[Black "Genius3"]
[WhiteElo "1880"]
[BlackElo "1870"]
[Result "1/2-1/2"]
[Round "1"]
1.e4 c5
2.Bf1c4 e6
3.Ng1f3 d6
4.d4 cxd4
5.Nf3xd4 Ng8f6
6.Bc1g5 Bf8e7
7.Nb1c3 O-O
8.O-O a6
9.a4 Qd8c7
10.Bc4b3 Nb8c6
11.Nd4xc6 bxc6
12.Rf1e1 Bc8b7
13.Bg5f4 e5
14.Bf4g3 Rf8d8
15.Qd1f3 a5
16.Bg3h4 c5
17.Bh4xf6 Be7xf6
18.Nc3d5 Bb7xd5
19.Bb3xd5 Ra8b8
20.b3 Rd8e8
21.c4 Qc7d7
22.Re1d1 Rb8b6
23.Ra1b1 Re8b8
24.h3 h6
25.Rd1d3 Rb6b4
26.Qf3g3 Rb8b6
27.Rd3f3 Kf8
28.Kh1 { draw }
1/2-1/2

[Event "Match"]
[Site "www.echecsemail.com"]
[Date "2017.01.15"]
[Round "1"]
[White "Llord"]
[Black "Sonny1000"]
[WhiteElo "1930"]
[BlackElo "1320"]
[Result "1-0"]
[Round "1"]
1.e4 e5
2.Ng1f3 f6
3.Bf1c4 Qd8e7
4.O-O Qe7c5
5.d3 Ng8e7
6.Nb1c3 Ne7c6
7.Bc1e3 Nc6d4
8.Kh1 f5
9.Nf3g5 fxe4
10.Nc3xe4 Qc5b4
11.b3 d5
12.Bc4xd5 h6
13.Qd1h5 Ke7
14.Qh5f7 Kd8
15.Be3xd4 Qb4xd4
16.Ng5e6 { resign }
1-0

[Event "Tourn. n9130"]
[Site "www.chess-mail.com"]
[Date "2017.01.16"]
[Round "1"]
[White "Lachouette"]
[Black "Jjmcbride"]
[WhiteElo "1560"]
[BlackElo "1530"]
[Result "0-1"]
[Round "1"]
1.e4 e5
2.f4 d6
3.fxe5 dxe5
4.d3 Ng8f6
5.Bc1g5 Bf8c5
6.Ng1f3 h6
7.Bg5xf6 Qd8xf6
8.Nb1c3 c6
9.Qd1d2 a5
10.Nc3a4 Qf6e7
11.O-O-O b5
12.Na4xc5 Qe7xc5
13.Qd2c3 Qc5xc3
14.bxc3 f6
15.Bf1e2 b4
16.c4 a4
 { time }
0-1

[Event "Tourn. n9013"]
[Site "www.chess-mail.com"]
[Date "2017.01.16"]
[Round "1"]
[White "Krystek23"]
[Black "Kampungboy"]
[WhiteElo "2310"]
[BlackElo "2540"]
[Result "0-1"]
[Round "1"]
1.c4 f5
2.Nb1c3 Ng8f6
3.Ng1f3 d6
4.d3 e5
5.g3 g6
6.Bf1g2 Bf8g7
7.O-O O-O
8.Ra1b1 Nb8c6
9.b4 a6
10.Bc1g5 h6
11.Bg5xf6 Qd8xf6
12.e3 Nc6e7
13.Qd1c2 Bc8e6
14.b5 b6
15.a4 axb5
16.axb5 Ra8a7
17.Nf3d2 f4
18.Rb1e1 g5
19.Nc3e4 Qf6f7
20.exf4 gxf4
21.Re1a1 Ra7xa1
22.Rf1xa1 Ne7f5
23.Nd2f3 Nf5d4
24.Nf3xd4 exd4
25.Ra1a7 Bg7e5
26.Qc2a2 f3
27.Bg2f1 d5
28.Ne4d2 Kg7
29.c5 bxc5
30.b6 Rf8b8
31.b7 c4
32.Qa2a6 c3
33.Nd2b3 Be6f5
34.Qa6a5 c6
35.Qa5b6 Qf7c7
36.Qb6c5 Qc7d6
37.Qc5b6 c5
38.Qb6b5 Bf5d7
39.Qb5xc5 Qd6xc5
40.Nb3xc5 Bd7f5
41.Nc5b3 Kf7
42.h4 Bf5d7
43.h5 Ke7
44.Kh2 Bd7c6
45.Kh3 Rb8xb7
46.Ra7xb7 Bc6xb7
47.Kg4 Bb7c6
48.Kf5 Be5f6
49.Kf4 Bc6a4
50.Nb3a1 Ba4d1
51.Bf1h3 Kd6
52.Kf5 Bf6g5
53.Bh3f1 Bd1e2
54.Bf1h3 Be2xd3
55.Kg4 Bd3e4
56.Bh3f1 d3
{ resign }
0-1

[Event "Tourn. n9139"]
[Site "www.chess-mail.com"]
[Date "2017.01.16"]
[Round "1"]
[White "Genius3"]
[Black "Jobeye"]
[WhiteElo "1870"]
[BlackElo "2010"]
[Result "1-0"]
[Round "1"]
1.e4 g5
2.d4 e5
3.dxe5 Nb8c6
4.f4 gxf4
5.Bc1xf4 b6
6.Ng1f3 Bc8b7
7.Bf1c4 Nc6b4
8.Nb1c3 Bf8c5
9.a3 Nb4c6
10.Bf4g5  { time }
1-0

[Event "Tourn. n9133"]
[Site "www.chess-mail.com"]
[Date "2017.01.16"]
[Round "1"]
[White "Bigrezi"]
[Black "Jobeye"]
[WhiteElo "1910"]
[BlackElo "1990"]
[Result "1-0"]
[Round "1"]
1.e4 b6
2.d4 e6
3.Nb1c3 Bf8e7
4.Ng1f3 Bc8b7
5.Bc1e3 d6
6.Bf1d3 g5
7.d5 h6
8.h3 Ng8f6
9.Qd1d2 e5
10.O-O-O Nb8d7
11.h4  { time }
1-0

[Event "Tourn. n9157"]
[Site "www.chess-mail.com"]
[Date "2017.01.16"]
[Round "1"]
[White "Picifarkinca"]
[Black "Yoj"]
[WhiteElo "1630"]
[BlackElo "1809"]
[Result "0-1"]
[Round "1"]
1.e4 g5
2.d4 e6
3.Nb1c3 c5
4.f4 Bf8g7
5.e5 gxf4
6.Bc1xf4 cxd4
7.Qd1xd4 Nb8c6
8.Qd4e3 Nc6b4
9.O-O-O Qd8a5
10.Kb1 Ng8e7
11.Ng1f3 Ne7d5
12.Rd1xd5 exd5
13.Nf3d4 O-O
14.a3 Nb4c6
15.Nd4f5 Rf8e8
16.Nf5xg7 Kxg7
17.Qe3g3 Kh8
18.Qg3g5 d4
19.Qg5f6 Kg8
20.Bf4h6 Qa5xe5
21.Nc3e4 Re8e6
22.Qf6xe5 Nc6xe5
23.Bh6c1 Ne5g4
24.Bf1d3 b6
25.h3 Ng4e3
26.g4 Bc8b7
27.Bc1xe3 dxe3
{ resign }
0-1

[Event "Tourn. n9036"]
[Site "www.chess-mail.com"]
[Date "2017.01.16"]
[Round "1"]
[White "Lachouette"]
[Black "Traub"]
[WhiteElo "1579"]
[BlackElo "1310"]
[Result "0-1"]
[Round "1"]
1.e4 e6
2.d4 d5
3.exd5 Qd8xd5
4.Ng1f3 Ng8f6
5.Nb1c3 Bf8b4
6.Bc1d2 c5
7.Nc3xd5 Bb4xd2
8.Nf3xd2 Nf6xd5
9.dxc5 Nb8c6
10.Bf1b5 Bc8d7
11.Qd1e2 Nc6d4
12.Bb5xd7 Kxd7
13.Qe2c4 Nd4c6
14.O-O-O Ra8c8
15.Qc4b5 Rc8c7
16.Nd2c4 b6
17.Nc4e5 Ke7
18.Ne5xc6 Kf6
 { time }
0-1

[Event "Tourn. n9122"]
[Site "www.chess-mail.com"]
[Date "2017.01.16"]
[Round "1"]
[White "Coolant"]
[Black "Lachouette"]
[WhiteElo "1709"]
[BlackElo "1560"]
[Result "1-0"]
[Round "1"]
1.Nb1c3 e5
2.Ng1f3 d6
3.e4 Nb8c6
4.Bf1b5 Bc8d7
5.O-O a6
6.Bb5xc6 Bd7xc6
7.d4 Qd8d7
8.dxe5 O-O-O
9.Bc1f4 Ng8e7
10.Qd1d4 Ne7g6
11.Qd4a7 b6
12.Bf4g5 Bf8e7
13.Bg5xe7 Qd7xe7
14.exd6  { time }
1-0

[Event "Tourn. n9165"]
[Site "www.chess-mail.com"]
[Date "2017.01.16"]
[Round "1"]
[White "Rovaniaina"]
[Black "Yoj"]
[WhiteElo "1809"]
[BlackElo "1749"]
[Result "0-1"]
[Round "1"]
1.d4 f5
2.Bc1g5 h6
3.Bg5h4 g5
4.Bh4g3 f4
5.Qd1d3 e6
6.Ng1f3 Ng8e7
7.Nf3e5 Rh8g8
8.h4 fxg3
9.h5 gxf2
10.Kxf2 d6
11.Ne5g6 Ne7xg6
12.hxg6 Qd8f6
13.Ke1 Rg8xg6
14.Nb1c3 b6
15.d5 e5
16.e4 Bc8a6
17.Nc3b5 Ba6xb5
{ resign }
0-1